Die Prinzipien des Seins in der Erkenntnistheorie: Fragen und Suchen nach dem Letzten ; eine Transzendentalphilosophie
| Main Author: | |
|---|---|
| Format: | Print Book |
| Language: | German |
| Subito Delivery Service: | Order now. |
| Check availability: | HBZ Gateway |
| WorldCat: | WorldCat |
| Interlibrary Loan: | Interlibrary Loan for the Fachinformationsdienste (Specialized Information Services in Germany) |
| Published: |
Sankt Augustin
Academia-Verl.
2005
|
| In: | Year: 2005 |
| Edition: | 1. Aufl. |
| Standardized Subjects / Keyword chains: | B
Religious philosophy
/ Cognition theory
/ Ontology
B Transcendental philosophy |
| Further subjects: | B
Ontology
B Transcendentalism B Knowledge, Theory of |
| Online Access: |
Table of Contents |
MARC
| LEADER | 00000cam a2200000 c 4500 | ||
|---|---|---|---|
| 001 | 477081975 | ||
| 003 | DE-627 | ||
| 005 | 20251223205526.0 | ||
| 007 | tu | ||
| 008 | 050112s2005 gw ||||| 00| ||ger c | ||
| 010 | |a 2006377293 | ||
| 015 | |a 05,N04,0102 |2 dnb | ||
| 015 | |a 05,A35,0098 |2 dnb | ||
| 016 | 7 | |a 973283076 |2 DE-101 | |
| 020 | |a 3896653512 |c Pp. : EUR 44.00 |9 3-89665-351-2 | ||
| 024 | 3 | |a 9783896653512 | |
| 035 | |a (DE-627)477081975 | ||
| 035 | |a (DE-576)121244458 | ||
| 035 | |a (DE-599)GBV477081975 | ||
| 035 | |a (OCoLC)254294498 | ||
| 035 | |a (OCoLC)63196678 | ||
| 035 | |a (AT-OBV)AC04795036 | ||
| 040 | |a DE-627 |b ger |c DE-627 |e rakwb | ||
| 041 | |a ger | ||
| 044 | |c XA-DE-NW | ||
| 050 | 0 | |a BD163 | |
| 082 | 0 | |a 100 | |
| 082 | 0 | 4 | |a 100 |
| 084 | |a BF 8650 |2 rvk |0 (DE-625)rvk/11177: | ||
| 084 | |a CC 6020 |2 rvk |0 (DE-625)rvk/17651: | ||
| 084 | |a CC 8500 |2 rvk |0 (DE-625)rvk/17709: | ||
| 084 | |a BF 8800 |2 rvk |0 (DE-625)rvk/11180: | ||
| 084 | |a 08.32 |2 bkl | ||
| 084 | |a 08.36 |2 bkl | ||
| 084 | |a 08.31 |2 bkl | ||
| 100 | 1 | |0 (DE-588)130152234 |0 (DE-627)492510598 |0 (DE-576)298028913 |4 aut |a Peiffer, Karlheinz |d 1924- | |
| 109 | |a Peiffer, Karlheinz 1924- | ||
| 245 | 1 | 4 | |a Die Prinzipien des Seins in der Erkenntnistheorie |b Fragen und Suchen nach dem Letzten ; eine Transzendentalphilosophie |c Karlheinz Peiffer |
| 250 | |a 1. Aufl. | ||
| 263 | |a Pp. : EUR 44.00 | ||
| 264 | 1 | |a Sankt Augustin |b Academia-Verl. |c 2005 | |
| 300 | |a 277 S |b graph. Darst |c 21 cm | ||
| 336 | |a Text |b txt |2 rdacontent | ||
| 337 | |a ohne Hilfsmittel zu benutzen |b n |2 rdamedia | ||
| 338 | |a Band |b nc |2 rdacarrier | ||
| 500 | |a Literaturverz. S. 262 - 276 | ||
| 583 | 1 | |a Archivierung prüfen |c 20200919 |f DE-640 |z 2 |2 pdager | |
| 583 | 1 | |a Archivierung prüfen |c 20240324 |f DE-4165 |z 1 |2 pdager | |
| 650 | 0 | |a Knowledge, Theory of | |
| 650 | 0 | |a Ontology | |
| 650 | 0 | |a Transcendentalism | |
| 689 | 0 | 0 | |d s |0 (DE-588)4049415-9 |0 (DE-627)104598581 |0 (DE-576)209081953 |2 gnd |a Religionsphilosophie |
| 689 | 0 | 1 | |d s |0 (DE-588)4070914-0 |0 (DE-627)106099086 |0 (DE-576)209182261 |2 gnd |a Erkenntnistheorie |
| 689 | 0 | 2 | |d s |0 (DE-588)4075660-9 |0 (DE-627)106085344 |0 (DE-576)209198907 |2 gnd |a Ontologie |
| 689 | 0 | |5 DE-101 | |
| 689 | 1 | 0 | |d s |0 (DE-588)4060719-7 |0 (DE-627)106138677 |0 (DE-576)209136308 |2 gnd |a Transzendentalphilosophie |
| 689 | 1 | |5 (DE-627) | |
| 856 | 4 | 2 | |u http://bvbr.bib-bvb.de:8991/F?func=service&doc_library=BVB01&doc_number=013042667&line_number=0001&func_code=DB_RECORDS&service_type=MEDIA |m V:DE-604 |q application/pdf |v 20090731000000 |3 Inhaltsverzeichnis |7 1 |
| 935 | |a mteo | ||
| 935 | |i Blocktest | ||
| 936 | r | v | |a BF 8650 |b Ontologie |k Theologie und Religionswissenschaften |k Philosophie |k Systematische Philosophie |k Ontologie |0 (DE-627)1270721798 |0 (DE-625)rvk/11177: |0 (DE-576)200721798 |
| 936 | r | v | |a CC 6020 |b Sein, Existenz, Wirklichkeit |k Philosophie |k Systematische Philosophie |k Ontologie und Metaphysik |k Sein, Existenz, Wirklichkeit |0 (DE-627)1270638947 |0 (DE-625)rvk/17651: |0 (DE-576)200638947 |
| 936 | r | v | |a CC 8500 |b Abhandlungen |k Philosophie |k Systematische Philosophie |k Religionsphilosophie |k Abhandlungen |0 (DE-627)1270639315 |0 (DE-625)rvk/17709: |0 (DE-576)200639315 |
| 936 | r | v | |a BF 8800 |b Religionsphilosophie |k Theologie und Religionswissenschaften |k Philosophie |k Systematische Philosophie |k Religionsphilosophie |0 (DE-627)1270653512 |0 (DE-625)rvk/11180: |0 (DE-576)200653512 |
| 936 | b | k | |a 08.32 |j Erkenntnistheorie |0 (DE-627)106415263 |
| 936 | b | k | |a 08.36 |j Philosophische Anthropologie |0 (DE-627)106403060 |
| 936 | b | k | |a 08.31 |j Metaphysik |j Ontologie |0 (DE-627)106402706 |
| 951 | |a BO | ||
| ELC | |b 1 | ||
| ORI | |a SA-MARC-ixtheo_oa001.raw | ||
| REL | |a 1 | ||
| STA | 0 | 0 | |a Cognition theory,Epistemology,Theory of knowledge,Knowledge,Ontology,Ontology,Being,Religious philosophy,Philosophy of religion,Religion,Transcendental philosophy |
| STB | 0 | 0 | |a Ontologie,Ontologie,Philosophie des religions,Philosophie transcendantale,Épistémologie,Théorie de la connaissance |
| STC | 0 | 0 | |a Epistemología,Filosofía de religión,Filosofía transcendental,Ontología,Ontología |
| STD | 0 | 0 | |a Epistemologia,Teoria epistemiologica,Teoria epistemiologica,Filosofia della religione,Filosofia trascendentale,Ontologia,Ontologia |
| STE | 0 | 0 | |a 先验哲学,超验哲学,存有论,本体论,存在论,宗教哲学,知识论,认识论 |
| STF | 0 | 0 | |a 先驗哲學,超驗哲學,宗教哲學,本体 (信息科学),存有論,本體論,存在論,知識論,認識論 |
| STG | 0 | 0 | |a Epistemologia,Filosofia da religião,Filosofia transcendental,Ontologia,Ontologia |
| STH | 0 | 0 | |a Онтология (работа со знаниями),Онтология,Теория познания,Трансцендентальная философия,Философия религии |
| STI | 0 | 0 | |a Γνωσιολογία,Γνωσιοθεωρία,Επιστημολογία,Οντολογία (επεξεργασία γνώσης),Οντολογία,Υπερβατική φιλοσοφία,Φιλοσοφία της θρησκείας |
| SUB | |a REL | ||
| SYG | 0 | 0 | |a Epistemologie,Epistologie,Erkenntnisphilosophie,Gnoseologie,Epistemologie,Epistologie,Erkenntnislehre,Erkenntnisphilosophie,Gnoseologie , Ontology,Ontology,Seinslehre,Seinsphilosophie , Transzendentalismus |



